1413 1246 1621 1448 1093 1232 1236 1208 1443 1237 1070 1178 1219 1827 1743 1064 1429 1197 1278 1891 1952 1303 1405 1514 1564 1554 1192 1645 1853 1375 1404 1750 1751 1884 1594 1400 1897 1733 1216 1150 1998 1415 1436 1602 1532 1883 1416 1769 1580 1195 1427 1719 1300 1627 1698 1296 1480 1885 1771 1204 1462 1238 1720 1045 1660 1474 1838 1411 1645 1655 1815 1037 1663 1211 1408 1737 1503 1749 1983 1523 1036 1729 1191 1012 1178 1179 1619 1288 1138 1716 1915 1417 1428 1641 1962 1052 1162 1873 1923 BCNSPRNW ULIB Ver.6.0+V

เปลี่ยนเป็นภาษาไทย

Change to English
 แสดงรายละเอียดบรรณานุกรม
  กลับหน้าหลัก

Brief Record : Get Marc (ISO 2709) : E-mail record : QR code < ปิดหน้าต่าง
LEADER : 00000nam 2200000uu 4500
001    13399125568
003     ULIB
008    170630s2558||||th 000 0 tha d
020    ^a9786165519663
060 04 ^aWI140^bค152
245 00 ^aครบ ชัด ลึก เรื่องมะเร็งระบบทางเดินอาหาร /^cสาขาวิชาโรคระบบทางเดินอาหาร ภาควิชาอายุรศาสตร์ คณะแพทยศาสตร์จุฬาลงกรณ์มหาวิทยาลัย และ หน่วยทางเดินอาหาร โรงพยาบาลจุฬาลงกรณ์สภากาชาดไทย
246 30 ^aมะเร็งระบบทางเดินอาหาร
250    ^aพิมพ์ครั้งที่ 1
260    ^aกรุงเทพฯ :^bภาควิชาอายุรศาสตร์ คณะแพทยศาสตร์ จุฬาลงกรณ์มหาวิทยาลัย,^c2558
300    ^a144 หน้า :^bภาพประกอบ ;^c21 ซม.
505 2  ^aดูแลสุขภาพอย่างไร ไม่ให้เป็นมะเร็ง -- อาหาร ต้านมะเร็ง -- เมื่อไหร่ควรตรวจหามะเร็ง -- ทำอย่างไร เมื่อตรวจพบค่า ซี-อี-เอ (CEA) สูง --อยู่อย่างไร ห่างไกลมะเร็งหลอดอาหาร -- มะเร็งกระเพาะอาหารไม่น่ากลัวอย่างที่คิด -- มะเร็งลำไส้ใหญ่ รู้ได้อย่างไรว่าฉันไม่เป็น --ในวันที่ฉันรู้ว่า มีก้อนในตับ แล้วจะเป็นมะเร็งหรือไม่ -- มะเร็งท่อน้ำดีมะเร็งที่คนไทยเป็นมากที่สุดในโลก -- มะเร็งตับอ่อน ภัยเงียบที่ควรระวัง --ต่อสู้กับมะเร็ง ความจริงและความเชื่อ -- การดูแลจิตใจของผู้ป่วยวิกฤตเรื้อรัง ระยะท้ายและของผู้ดูแลนั้นสำคัญมากเพราะอะไร --การดูแลแบบประคับปรคอง หรือ Palliative care หรือ ชีวภิบาล คืออะไร?
650  4 ^aมะเร็ง ^xการป้องกันและควบคุม
650  4 ^aระบบทางเดินอาหาร, โรค
710 2  ^aจุฬาลงกรณ์มหาวิทยาลัย.^bคณะแพทยศาสตร์.^bภาควิชาอายุรศาสตร์.^bสาขาวิชาโรคระบบทางเดินอาหาร
710 2  ^aโรงพยาบาลจุฬาลงกรณ์.^bหน่วยทางเดินอาหาร
945    ^p0^l0^i002512
945    ^p0^l0^i002513
945    ^p0^l0^i002514
945    ^p0^l0^i002515
999    ^aวรรณษา ชูชัยมงคล
รายการนี้ยังไม่มีแท็ก
คุณยังไม่ได้ล็อกอิน คุณสามารถมีกิจกรรมร่วมกับเว็บไซต์ได้ แต่ต้องล็อกอินก่อน ::
  ล็อกอิน

รายการสื่อสารสนเทศ

ลำดับที่ ประเภท เลขเรียก/บาร์โค้ด สถานที่ สถานะ
1. วิทยาศาสตร์การแพทย์ และสุขภาพ
วิทยาศาสตร์การแพทย์ และสุขภาพ
สถานะ=หนังสือเก่า
WI140 ค152 ฉ.1 
  Barcode: 002512
ห้องสมุดวิทยาเขตสวรรค์ประชารักษ์
►ส่วนจัดเก็บหนังสือเก่า สปร
บนชั้น
  ขอยืม
2. วิทยาศาสตร์การแพทย์ และสุขภาพ
วิทยาศาสตร์การแพทย์ และสุขภาพ
สถานะ=หนังสือเก่า
WI140 ค152 ฉ.2 
  Barcode: 002513
ห้องสมุดวิทยาเขตสวรรค์ประชารักษ์
►ส่วนจัดเก็บหนังสือเก่า สปร
บนชั้น
  ขอยืม
3. วิทยาศาสตร์การแพทย์ และสุขภาพ
วิทยาศาสตร์การแพทย์ และสุขภาพ
สถานะ=หนังสือเก่า
WI140 ค152 ฉ.3 
  Barcode: 002514
ห้องสมุดวิทยาเขตสวรรค์ประชารักษ์
►ส่วนจัดเก็บหนังสือเก่า สปร
บนชั้น
  ขอยืม
4. วิทยาศาสตร์การแพทย์ และสุขภาพ
วิทยาศาสตร์การแพทย์ และสุขภาพ
สถานะ=หนังสือเก่า
WI140 ค152 ฉ.4 
  Barcode: 002515
ห้องสมุดวิทยาเขตสวรรค์ประชารักษ์
►ส่วนจัดเก็บหนังสือเก่า สปร
บนชั้น
  ขอยืม

รายการใกล้เคียง
    หัวเรื่อง [ระบบทางเดินอาหาร, โรค]

BibComment


ยังไม่เคยถูกคอมเมนท์

คอมเมนท์ทรัพยากรรายการนี้
  คอมเมนท์: ครบ ชัด ลึก เรื่..


 Copyright 2026. Bcnsprnw @Library